000 00760nam a22002057a 4500
999 _c18830
_d18830
003 AR-CdUCM
008 190515b ||||| |||| 00| 0 spa d
040 _aMUNICIPALIDAD PROVINCIAL DEL CUSCO
_cBIBLIOTECA MUNICIPAL DEL CUSCO
082 _a869.941 /
_bJ66
100 _aJofre Barroso, Haydee
_939675
245 _aMonteiro Lobato trayectoria de una fidelidad /
260 _aBuenos Aires :
_bFuturo,
_c1959.
300 _a76 paginas ;
_bIlustraciones, graficos, dibujos,
_c21 cm.
505 _aContenido: La niƱez -- La juventud -- El hombre -- El ciudadno y el patriota -- El escritor y su obra -- El pensamiento...
650 _aHistoria
_9136
650 _aLiteratura
_983
650 _aHombre
_9838
942 _2ddc
_cLIBROS
945 _apjha
_d2019-05-15